00331pab a2200121 454500008004000000100001900040245007300059260000900132300001100141362001100152650001200163773003400175180718b1989 xxu||||| |||| 00| 0 eng d aAravindan, K.P a"Science" in service of monopoliesbUniversal salt iodisation policy c1989 a1543-9 a8 Jul. aScience aEconomic and Political Weekly